000 00534nam a2200205Ia 4500
005 20250326144155.0
008 250326s9999 xx 000 0 und d
020 _a9781-56327-362-9
037 _aTextbook
040 _aFMSL
_beng
_cFMSL
041 _aeng
_2eng
084 _aX:89A P7
_qFMSL
100 _aLane G
_9749185
245 0 _aMade to order lean
_cLane G
260 _aNY
_bNY, Productivity
_c2007
300 _a209p
365 _b2168.9164000000001
942 _cTB
_hX:89A P7
999 _c1302659
_d1302659